000
00307nam a2200121Ia 4500
008
240624s9999 xx 000 0 und d
041
_a
eng
082
_a
658.401 HUD
100
_a
HUDSON KEN
245
_a
IDEA GENERATOR TOOLS FOR BUSINESS GROWTH
260
_c
2008
_a
Australia
_b
Viva Books
365
_c
RS
_b
27
999
_c
15437
_d
15437